000 00339pab a2200145 454500
008 180718b1986 xxu||||| |||| 00| 0 eng d
100 _aJoshi, P.C.
245 _aEducational television for rural children
260 _c1986
300 _a17-20,22
362 _a26 July
650 _aTelevision
773 _aMainstream
909 _a19258
999 _c19258
_d19258